Statistics for Random Trivia Quiz by Pictures #2

Click here to take the quiz!

General Stats

  • This quiz has been taken 19 times
  • The average score is 7 of 20

Answer Stats

Answer% Correct
Rosa Parks
89%
Charles De Gaulle
72%
Qantas
67%
Virginia Woolf
67%
Cantons
61%
Humphrey Bogart
61%
Tiramisu
44%
Bjork
33%
Eusébio
33%
Crane
22%
Leipzig
22%
Ming
22%
Spats
22%
11
11%
Exodus
11%
Museo Reina Sofía
11%
Post-Impressionism
11%
Ada Lovelace
6%
Pierre de Coubertin
6%
Bandar Seri Begawan
0%

Score Distribution

Percentile by Number Answered

Percent of People with Each Score

Your Score History

You have not taken this quiz